Brownfields : managing the development of previously developed land. A client's guide (Record no. 102482)

MARC details
000 -LEADER
fixed length control field 00981cam a2200253 4500
008 - FIXED-LENGTH DATA ELEMENTS--GENERAL INFORMATION
fixed length control field 021017n2002 000 0 eng u
020 ## - INTERNATIONAL STANDARD BOOK NUMBER
International Standard Book Number 0860175782
035 ## - SYSTEM CONTROL NUMBER
System control number (Sirsi) u120135
050 ## - LIBRARY OF CONGRESS CALL NUMBER
Classification number 333.73
100 ## - MAIN ENTRY--PERSONAL NAME
Personal name Laidler, D.
245 ## - TITLE STATEMENT
Title Brownfields : managing the development of previously developed land. A client's guide
260 ## - PUBLICATION, DISTRIBUTION, ETC.
Place of publication, distribution, etc. London
Name of publisher, distributor, etc. CIRIA
Date of publication, distribution, etc. 2002
300 ## - PHYSICAL DESCRIPTION
Extent 164p.
Dimensions 30cm.
350 ## - PRICE (NR) (BK AM CF MU VM SE) [OBSOLETE]
Price 110
490 ## - SERIES STATEMENT
Series statement CIRIA Publication
Volume/sequential designation C578
520 ## - SUMMARY, ETC.
Summary, etc. Provides a framework for clients enabling them to identify their own limitations, and the tools required to appoint and manage specialist consultants and contractors, thus allowing them to manage the issues surrounding the development of previously developed land logically and methodically.
650 ## - SUBJECT ADDED ENTRY--TOPICAL TERM
Topical term or geographic name entry element BROWNFIELD LAND
650 ## - SUBJECT ADDED ENTRY--TOPICAL TERM
Topical term or geographic name entry element BROWNFIELD SITES
650 ## - SUBJECT ADDED ENTRY--TOPICAL TERM
Topical term or geographic name entry element CONTAMINATED LAND
690 ## - LOCAL SUBJECT ADDED ENTRY--TOPICAL TERM (OCLC, RLIN)
Topical term or geographic name as entry element BUILDING AND CONSTRUCTION-SUSTAINABLE
700 ## - ADDED ENTRY--PERSONAL NAME
Personal name Bryce, A.
700 ## - ADDED ENTRY--PERSONAL NAME
Personal name Wilbourn, P.
942 ## - ADDED ENTRY ELEMENTS (KOHA)
Suppress in OPAC 0
Holdings
Withdrawn status Lost status Source of classification or shelving scheme Damaged status Not for loan Home library Current library Shelving location Date acquired Total Checkouts Full call number Barcode Date last seen Date last checked out Copy number Price effective from Koha item type
    Dewey Decimal Classification     London London Folio 17/10/2002 8 F333.73 LAI 30066808 06/08/2019 12/12/2006 1 06/08/2019 Book